Normal view MARC view

Entry Personal Name

Number of records used in: 2

001 - CONTROL NUMBER

  • control field: 82339

003 - CONTROL NUMBER IDENTIFIER

  • control field: dpl

005 - DATE AND TIME OF LATEST TRANSACTION

  • control field: 20250625124935.0

008 - FIXED-LENGTH DATA ELEMENTS

  • fixed length control field: 250625|| aca||aabn | a|a d

040 ## - CATALOGING SOURCE

  • Original cataloging agency: dpl
  • Transcribing agency: dpl

100 ## - HEADING--PERSONAL NAME

  • Personal name: Yadav, Dharampal

670 ## - SOURCE DATA FOUND

  • Source citation: Work cat.: (dpl)191673: Yadav, Dharampal, Workshop Practice-1/, 2019

© Delhi Public Library
Hit Counter
free hit counter